<?xml version="1.0" encoding="UTF-8"?>
<record
    xmlns:xsi="http://www.w3.org/2001/XMLSchema-instance"
    xsi:schemaLocation="http://www.loc.gov/MARC21/slim http://www.loc.gov/standards/marcxml/schema/MARC21slim.xsd"
    xmlns="http://www.loc.gov/MARC21/slim">

  <leader>04394nab a2200325 i 4500</leader>
  <controlfield tag="003">BR-BrBNA</controlfield>
  <controlfield tag="005">20240411090547.0</controlfield>
  <controlfield tag="008">240411b2013    bl.qr|pooa||| 00| 0 por |</controlfield>
  <datafield tag="040" ind1=" " ind2=" ">
    <subfield code="a">BR-BrBNA</subfield>
    <subfield code="b">por</subfield>
  </datafield>
  <datafield tag="072" ind1=" " ind2=" ">
    <subfield code="a">F60</subfield>
  </datafield>
  <datafield tag="072" ind1=" " ind2=" ">
    <subfield code="a">H50</subfield>
  </datafield>
  <datafield tag="072" ind1=" " ind2=" ">
    <subfield code="a">F62</subfield>
  </datafield>
  <datafield tag="100" ind1=" " ind2=" ">
    <subfield code="a">Mendes, C.E.</subfield>
  </datafield>
  <datafield tag="100" ind1=" " ind2=" ">
    <subfield code="a">Casarin, F.</subfield>
  </datafield>
  <datafield tag="100" ind1=" " ind2=" ">
    <subfield code="a">Sperandio, S.L.</subfield>
  </datafield>
  <datafield tag="100" ind1=" " ind2=" ">
    <subfield code="a">Moura, N.F.</subfield>
  </datafield>
  <datafield tag="100" ind1=" " ind2=" ">
    <subfield code="a">Denardin, R.B.N.</subfield>
  </datafield>
  <datafield tag="245" ind1=" " ind2=" ">
    <subfield code="a">Avalia&#xE7;&#xE3;o do potencial fitot&#xF3;xico de Persea venosa Nees &amp; Mart. (Lauraceae) sobre sementes e pl&#xE2;ntulas de diferentes esp&#xE9;cies cultivadas</subfield>
  </datafield>
  <datafield tag="500" ind1=" " ind2=" ">
    <subfield code="a">Publica&#xE7;&#xE3;o on-line; 44 ref.; 7 tables; Summaries (En, Pt)</subfield>
  </datafield>
  <datafield tag="520" ind1=" " ind2=" ">
    <subfield code="a">

RESUMO: 

Este estudo objetiva a an&#xE1;lise dos efeitos alelop&#xE1;ticos de Persea venosa (paude-andrade) frente 
a diversas esp&#xE9;cies cultivadas. Para os testes, foram utilizados extratos
alco&#xF3;licos da casca do caule de pau-de-andrade, conforme sua utiliza&#xE7;&#xE3;o medicinal, em quatro
concentra&#xE7;&#xF5;es. A atividade alelop&#xE1;tica foi testada frente &#xE0;s cultivares de milho, soja, alface e
rabanete. O experimento foi inteiramente casualizado, com quatro repeti&#xE7;&#xF5;es de 50 sementes.
A an&#xE1;lise de cromatografia em camada delgada, utilizando-se s&#xED;lica como fase estacion&#xE1;ria
e solventes de diferentes polaridades como fase m&#xF3;vel, foi utilizada para obten&#xE7;&#xE3;o do perfil
fitoqu&#xED;mico, sendo utilizado reveladores espec&#xED;ficos para cada classe de metab&#xF3;litos secund&#xE1;rios
testada. Observou-se que com o aumento da concentra&#xE7;&#xE3;o do extrato de P. venosa, houve o
aumento do n&#xFA;mero de pl&#xE2;ntulas anormais em todas as cultivares, chegando a percentuais
de anormalidade de 100% para milho e soja, 93% para alface e 67,48% para rabanete na
concentra&#xE7;&#xE3;o de 160 g/L. Ademais, as anormalidades evidenciadas foram predominantes
no sistema radicular das pl&#xE2;ntulas, ocasionando em todos os casos, necrose, truncamento,
engrossamento, atrofia e aumento do n&#xFA;mero de p&#xEA;los absorventes. Devido &#xE0; severidade com
que os extratos afetaram o crescimento e a normalidade das pl&#xE2;ntulas, este estudo evidencia
a possibilidade da ocorr&#xEA;ncia de citotoxicidade por parte da esp&#xE9;cie P. venosa, vastamente
utilizada na medicina tradicional.

Palavras-chave: Planta medicinal, Persea venosa, toxicidade, alelopatia.
</subfield>
  </datafield>
  <datafield tag="520" ind1=" " ind2=" ">
    <subfield code="a">

ABSTRACT: 

Evaluation of the phytotoxic potential of Persea venosa Ness &amp; Mart.
(Lauraceae) on seeds and seedlings of different species grown. This study aims to analyze
the allelopathic effects of Persea venosa (pau-de-andrade) on several cultivars. For the tests,
we used alcoholic extracts from the bark of pau-de-andrade, according to their medicinal use in
four concentrations. The allelopathic activity was tested on different cultivars of corn, soybeans,
lettuce and radish. The experiment was completely randomized, with four replications of 50 seeds.
The chromatographic analysis of a thin layer, using silica as the stationary phase and solvents
of different polarities as the mobile phase, was used to obtain the phytochemical profile, using
specific developers to each class of secondary metabolites tested. It was observed that with
an increasing concentration of the extract of P. venosa, there was an increase in the number of
abnormal seedlings in all cultivars, reaching percentages of abnormality of 100% for corn and
soybeans, 93% for lettuce, and 67.48% for radish at a 160 g/L concentration. Furthermore, the
evidenced abnormalities were predominant in the seedling root system, causing, in all cases,
necrosis, truncation, atrophy and increased number of hairs. Due to the severity with which the
extracts affected the growth of seedlings and their normality, this study highlights the possible
occurrence of cytotoxicity by the P. venosa species, which is widely used in traditional medicine.

Keywords: Medicinal plant, Persea venosa, toxicity, allelopathy.</subfield>
  </datafield>
  <datafield tag="650" ind1=" " ind2=" ">
    <subfield code="a">PLANTA MEDICINAL</subfield>
  </datafield>
  <datafield tag="650" ind1=" " ind2=" ">
    <subfield code="a">LAURACEAE</subfield>
  </datafield>
  <datafield tag="650" ind1=" " ind2=" ">
    <subfield code="a">TOXIDEZ</subfield>
  </datafield>
  <datafield tag="650" ind1=" " ind2=" ">
    <subfield code="a">ALELOPATIA</subfield>
  </datafield>
  <datafield tag="773" ind1="0" ind2=" ">
    <subfield code="0">3543</subfield>
    <subfield code="9">314345</subfield>
    <subfield code="d">Botucatu-SP Instituto de Bioci&#xEA;ncias - Departamento de Qu&#xED;mica e Bioqu&#xED;mica 1998</subfield>
    <subfield code="o">2024-0601</subfield>
    <subfield code="t">Revista Brasileira de Plantas Medicinais (Brazil)</subfield>
    <subfield code="x">1516-0572</subfield>
    <subfield code="g">v. 15(3) p. 337-346; (2013)</subfield>
    <subfield code="w">BR2024000460</subfield>
  </datafield>
  <datafield tag="856" ind1=" " ind2=" ">
    <subfield code="u">https://www.scielo.br/j/rbpm/a/cVPkdxcszQRjBkv8Qd8gTBn/?format=pdf&amp;lang=pt</subfield>
  </datafield>
  <datafield tag="942" ind1=" " ind2=" ">
    <subfield code="c">Anal&#xED;tica</subfield>
  </datafield>
  <datafield tag="999" ind1=" " ind2=" ">
    <subfield code="c">299127</subfield>
    <subfield code="d">299127</subfield>
  </datafield>
</record>
